[Event "South Island-ch"]
[Site "Hanmer Springs"]
[Date "2019.10.10"]
[Round "9"]
[White "Korenevski, Oleg"]
[Black "Marko, Helmut"]
[Result "1/2-1/2"]
[WhiteElo "1859"]
[BlackElo "1878"]
[PlyCount "27"]
[EventDate "2019.10.05"]
[EventType "swiss"]
[EventRounds "9"]
[EventCountry "NZL"]
[SourceTitle "EXT 2023"]
[Source "ChessBase"]
[SourceDate "2022.10.05"]
[SourceVersion "1"]
[SourceVersionDate "2022.10.05"]
[SourceQuality "1"]

1. d4 g6 2. c4 Bg7 3. Nc3 c5 4. Nf3 cxd4 5. Nxd4 Nc6 6. e3 Nf6 7. Be2 0-0 8. 0-0 a6 9. a3 d6 10. b4 Bd7 11. Bb2 Nxd4 12. Qxd4 Ng4 13. Qe4 d5 14. Qxd5 1/2-1/2

[Event "South Island-ch"]
[Site "Hanmer Springs"]
[Date "2019.10.06"]
[Round "3"]
[White "Marko, Helmut"]
[Black "Scarf, Rex"]
[Result "1-0"]
[WhiteElo "1878"]
[BlackElo "1572"]
[PlyCount "21"]
[EventDate "2019.10.05"]
[EventType "swiss"]
[EventRounds "9"]
[EventCountry "NZL"]
[SourceTitle "EXT 2023"]
[Source "ChessBase"]
[SourceDate "2022.10.05"]
[SourceVersion "1"]
[SourceVersionDate "2022.10.05"]
[SourceQuality "1"]

1. Nf3 d5 2. g3 Nf6 3. Bg2 Nc6 4. d4 Bg4 5. Ne5 Qc8 6. c4 e6 7. Nxg4 Nxg4 8. e4 e5 9. f3 Bb4+ 10. Kf1 Nf6 11. dxe5 1-0

[Event "Olympiad-43"]
[Site "Batumi"]
[Date "2018.09.27"]
[Round "4.84"]
[White "Marko, Helmut"]
[Black "Dos Reis, Tito"]
[Result "1-0"]
[WhiteElo "1902"]
[BlackElo "1627"]
[PlyCount "66"]
[EventDate "2018.09.24"]
[EventType "team-swiss"]
[EventRounds "11"]
[EventCountry "GEO"]
[SourceTitle "CBM 187"]
[Source "ChessBase"]
[SourceDate "2018.12.11"]
[SourceVersion "1"]
[SourceVersionDate "2018.12.11"]
[SourceQuality "1"]
[WhiteTeam "Papua New Guinea"]
[BlackTeam "Timor Leste"]
[WhiteTeamCountry "PNG"]

1. d4 Nf6 2. Nf3 h6 3. Bf4 e6 4. e3 d5 5. h3 c6 6. Nbd2 a6 7. Bd3 Qb6 8. Rb1 Nbd7 9. 0-0 c5 10. c4 Bd6 11. cxd5 Nxd5 12. Nc4 Qd8 13. Nxd6+ Ke7 14. Bg3 b5 15. Ne5 Nxe5 16. dxe5 f5 17. exf6+ Nxf6 18. Bg6 Rf8 19. Qc2 Qb6 20. Rfd1 Bd7 21. Ne4 Rfc8 22. Bd6+ Kd8 23. Bxc5 Qc7 24. b4 Qe5 25. Nxf6 Qxf6 26. Qd3 Rc7 27. Bb6 Qe7 28. Rbc1 Raa7 29. Rxc7 Rxc7 30. Qc3 Qf8 31. Qxc7+ Ke7 32. Bc5+ Kf6 33. Bxf8 Kxg6 1-0

[Event "Auckland Trusts op 41st"]
[Site "Auckland"]
[Date "2018.06.03"]
[Round "4"]
[White "Ker, Anthony F"]
[Black "Marko, Helmut"]
[Result "1-0"]
[WhiteElo "2471"]
[BlackElo "2046"]
[PlyCount "51"]
[EventDate "2018.06.02"]
[EventType "swiss"]
[EventRounds "6"]
[EventCountry "NZL"]
[SourceTitle "EXT 2019"]
[Source "ChessBase"]
[SourceDate "2018.10.10"]
[SourceVersion "1"]
[SourceVersionDate "2018.10.10"]
[SourceQuality "1"]

1. e4 c5 2. c3 e6 3. d4 d5 4. Nd2 Nc6 5. Ngf3 Nf6 6. Bd3 dxe4 7. Nxe4 cxd4 8. Nxf6+ gxf6 9. cxd4 Qa5+ 10. Bd2 Bb4 11. a3 Bxd2+ 12. Qxd2 Qd5 13. Rc1 Bd7 14. Qf4 Ke7 15. 0-0 Qd6 16. Qh4 h6 17. Rfe1 b6 18. d5 Qxd5 19. Be4 Qb5 20. Bxc6 Bxc6 21. Nd4 Qxb2 22. Nxc6+ Kf8 23. Rb1 Qxa3 24. Qxf6 Rh7 25. Rxe6 Rc8 26. Rbe1 1-0

[Event "Auckland Trusts op 41st"]
[Site "Auckland"]
[Date "2018.06.03"]
[Round "3"]
[White "Marko, Helmut"]
[Black "Gibbons, Robert"]
[Result "1-0"]
[WhiteElo "2046"]
[BlackElo "2070"]
[PlyCount "106"]
[EventDate "2018.06.02"]
[EventType "swiss"]
[EventRounds "6"]
[EventCountry "NZL"]
[SourceTitle "EXT 2019"]
[Source "ChessBase"]
[SourceDate "2018.10.10"]
[SourceVersion "1"]
[SourceVersionDate "2018.10.10"]
[SourceQuality "1"]

1. Nf3 Nf6 2. c4 e6 3. Nc3 b6 4. g3 Bb7 5. Bg2 d5 6. cxd5 exd5 7. d4 Nbd7 8. 0-0 Be7 9. Bf4 c6 10. Re1 0-0 11. Qc2 Re8 12. Rad1 Nf8 13. Ne5 Ne6 14. Bc1 Bd6 15. Nf3 Rc8 16. Bh3 Rc7 17. e4 dxe4 18. Nxe4 Nxe4 19. Rxe4 Nf8 20. Bg5 f6 21. Rxe8 Qxe8 22. Be3 Qg6 23. Qb3+ Qf7 24. d5 cxd5 25. Nd4 Rc4 26. a3 Bc5 27. Bg2 Bxd4 28. Bxd4 Ne6 29. Bxb6 axb6 30. Qxb6 Nf8 31. b4 Qc7 32. Qb5 Rc1 33. Bxd5+ Bxd5 34. Qxd5+ Kh8 35. a4 Rxd1+ 36. Qxd1 Qb6 37. b5 h6 38. Qd5 Ng6 39. Qa8+ Kh7 40. Qa6 Qd4 41. b6 Ne5 42. b7 Qd1+ 43. Kg2 Qf3+ 44. Kg1 Qd1+ 45. Kg2 Qd5+ 46. Kh3 Nd7 47. Qa8 Qd6 48. a5 Qb8 49. a6 Qe5 50. Qa7 Qf5+ 51. Kg2 Qe4+ 52. f3 Qe2+ 53. Kh3 Qf1+ 1-0

[Event "NZL-ch Seniors"]
[Site "Mount Maunganui"]
[Date "2017.09.03"]
[Round "5"]
[White "Smith, Robert Wayne"]
[Black "Marko, Helmut"]
[Result "1-0"]
[WhiteElo "2230"]
[BlackElo "1936"]
[PlyCount "79"]
[EventDate "2017.09.01"]
[EventType "swiss"]
[EventRounds "6"]
[EventCountry "NZL"]
[SourceTitle "EXT 2019"]
[Source "ChessBase"]
[SourceDate "2018.10.10"]
[SourceVersion "1"]
[SourceVersionDate "2018.10.10"]
[SourceQuality "1"]

1. e4 c5 2. Nf3 Nc6 3. Bb5 g6 4. 0-0 Bg7 5. Re1 a6 6. Bxc6 dxc6 7. d3 e5 8. a4 Ne7 9. a5 0-0 10. Be3 Qd6 11. Nbd2 Be6 12. Nc4 Bxc4 13. dxc4 Qe6 14. Bxc5 Rad8 15. Qe2 Rd7 16. Rad1 Rfd8 17. b3 f6 18. Bb6 Rxd1 19. Rxd1 Rxd1+ 20. Qxd1 Kf7 21. h3 Bf8 22. Bc5 Ke8 23. Qd3 Bh6 24. Bb6 Qd7 25. Kf1 Bf8 26. Bc5 Bh6 27. Ke2 Nc8 28. g4 Qc7 29. b4 Bf8 30. Bxf8 Kxf8 31. c5 Ke8 32. g5 Kf7 33. Qc4+ Kg7 34. gxf6+ Kxf6 35. Qg8 Na7 36. Qf8+ Qf7 37. Qh8+ Qg7 38. Qb8 Nb5 39. Qxe5+ Kf7 40. Ng5+ 1-0

[Event "NZL-ch Seniors"]
[Site "Mount Maunganui"]
[Date "2017.09.01"]
[Round "1"]
[White "Findlay, Ian T"]
[Black "Marko, Helmut"]
[Result "0-1"]
[WhiteElo "1720"]
[BlackElo "1936"]
[PlyCount "62"]
[EventDate "2017.09.01"]
[EventType "swiss"]
[EventRounds "6"]
[EventCountry "NZL"]
[SourceTitle "EXT 2019"]
[Source "ChessBase"]
[SourceDate "2018.10.10"]
[SourceVersion "1"]
[SourceVersionDate "2018.10.10"]
[SourceQuality "1"]

1. e4 c5 2. Nf3 Nc6 3. d4 cxd4 4. Nxd4 g6 5. Be3 Bg7 6. Nc3 d6 7. Bc4 Nf6 8. f3 Qb6 9. Nf5 Qxb2 10. Nxg7+ Kf8 11. Bd2 Kxg7 12. Rb1 Qa3 13. Qe2 Na5 14. Bd3 Bd7 15. e5 dxe5 16. Qxe5 Nc6 17. Qf4 b6 18. Qh6+ Kg8 19. Rb3 Qd6 20. Ne4 Nxe4 21. Bxe4 Rd8 22. Rd3 Qc7 23. Rc3 Qe5 24. 0-0 Nd4 25. Re1 Bb5 26. Rce3 Qc5 27. Bc3 e5 28. Bd3 Bxd3 29. Rxd3 Nf5+ 30. Bd4 Rxd4 31. Rxe5 Qxe5 0-1

[Event "Olympiad-42"]
[Site "Baku"]
[Date "2016.09.05"]
[Round "4.2"]
[White "Marko, Helmut"]
[Black "Kulpruethanon, Thanadon"]
[Result "0-1"]
[WhiteElo "1939"]
[BlackElo "2235"]
[PlyCount "90"]
[EventDate "2016.09.02"]
[EventType "team-swiss"]
[EventRounds "11"]
[EventCountry "AZE"]
[SourceTitle "CBM 175"]
[Source "ChessBase"]
[SourceDate "2016.11.10"]
[SourceVersion "1"]
[SourceVersionDate "2016.11.10"]
[SourceQuality "1"]
[WhiteTeam "Papua New Guinea"]
[BlackTeam "Thailand"]
[WhiteTeamCountry "PNG"]
[BlackTeamCountry "THA"]

1. Nf3 d5 2. g3 c6 3. Bg2 Bf5 4. 0-0 h6 5. d3 e6 6. Nbd2 Nf6 7. b3 Be7 8. Bb2 0-0 9. Rc1 Nbd7 10. Re1 Bh7 11. d4 a5 12. a3 a4 13. b4 b5 14. e3 Rc8 15. Bf1 Nb6 16. Bd3 Ne4 17. Rf1 f5 18. Ne5 Qe8 19. Be2 Bf6 20. Nxe4 fxe4 21. f4 exf3 22. Nxf3 Bf5 23. Ne5 Bg5 24. Qd2 Bh3 25. Rfe1 Bf6 26. Bf1 Bxf1 27. Rxf1 Bxe5 28. dxe5 Nc4 29. Qd4 Qg6 30. Rf4 Rf5 31. Rcf1 Rxf4 32. exf4 Qxc2 33. Rf2 Qb1+ 34. Kg2 Rf8 35. Qc3 Qe4+ 36. Kg1 Rd8 37. Qc2 Qxc2 38. Rxc2 d4 39. Bc1 d3 40. Rd2 Nxd2 41. Bxd2 c5 42. bxc5 b4 43. axb4 a3 44. Kf2 a2 45. c6 a1Q 0-1

[Event "Olympiad-41"]
[Site "Tromsoe"]
[Date "2014.08.14"]
[Round "11.2"]
[White "Gueye, Elhadji Gorgui"]
[Black "Marko, Helmut"]
[Result "1-0"]
[WhiteElo "2215"]
[BlackElo "1953"]
[PlyCount "91"]
[EventDate "2014.08.02"]
[EventType "team-swiss"]
[EventRounds "11"]
[EventCountry "NOR"]
[SourceTitle "CBM 162"]
[Source "ChessBase"]
[SourceDate "2014.09.17"]
[SourceVersion "1"]
[SourceVersionDate "2014.09.17"]
[SourceQuality "1"]
[WhiteTeam "Senegal"]
[BlackTeam "Papua New Guinea"]
[WhiteTeamCountry "SEN"]
[BlackTeamCountry "PNG"]

1. d4 g6 2. e4 Bg7 3. c4 c5 4. d5 d6 5. Nc3 Nd7 6. Nf3 Ngf6 7. Be2 0-0 8. 0-0 a6 9. h3 Ne8 10. Be3 Nc7 11. Qd2 Rb8 12. a4 b6 13. Bh6 f6 14. Nh2 Ne5 15. Bxg7 Kxg7 16. f4 Nf7 17. Rf3 Bd7 18. Rg3 b5 19. axb5 axb5 20. Rf1 bxc4 21. Bxc4 Nb5 22. h4 Nd4 23. h5 g5 24. e5 dxe5 25. fxg5 f5 26. g6 hxg6 27. Rxg6+ Kh7 28. Ng4 f4 29. Bd3 Bf5 30. Bxf5 Nxf5 31. Qd3 N7d6 32. Nxe5 c4 33. Nxc4 Nxc4 34. Qxc4 Rxb2 35. Rxf4 Rb6 36. Qe4 Rxg6 37. hxg6+ Kxg6 38. Ne2 Kg5 39. Rg4+ Kf6 40. Nd4 Qc8 41. Nxf5 Qc1+ 42. Kf2 Qd2+ 43. Kg3 Qc3+ 44. Qe3 Qc7+ 45. Qf4 e5 46. Qg5+ 1-0

[Event "Olympiad-41"]
[Site "Tromsoe"]
[Date "2014.08.12"]
[Round "10.2"]
[White "Marko, Helmut"]
[Black "Kouevi, Mawuvi Koue"]
[Result "1-0"]
[WhiteElo "1953"]
[BlackElo "1841"]
[PlyCount "105"]
[EventDate "2014.08.02"]
[EventType "team-swiss"]
[EventRounds "11"]
[EventCountry "NOR"]
[SourceTitle "CBM 162"]
[Source "ChessBase"]
[SourceDate "2014.09.17"]
[SourceVersion "1"]
[SourceVersionDate "2014.09.17"]
[SourceQuality "1"]
[WhiteTeam "Papua New Guinea"]
[BlackTeam "Togo"]
[WhiteTeamCountry "PNG"]
[BlackTeamCountry "TOG"]

1. Nf3 d5 2. c4 d4 3. b4 g6 4. Bb2 Bg7 5. g3 e5 6. d3 Ne7 7. Bg2 0-0 8. 0-0 c6 9. e3 b6 10. exd4 exd4 11. Nbd2 Bb7 12. Nb3 Nf5 13. Re1 Na6 14. Ba3 Re8 15. Re2 Nc7 16. Bb2 Rxe2 17. Qxe2 Ne6 18. a4 c5 19. bxc5 bxc5 20. Ba3 Qc7 21. Bc1 Rb8 22. Nbd2 a5 23. Qd1 Bc6 24. Ne1 Bxg2 25. Nxg2 Qc6 26. Ne4 Nd6 27. Nxd6 Qxd6 28. Bd2 Qc7 29. Rb1 Ra8 30. Rb5 Nd8 31. Qf3 Ra7 32. Nf4 Nb7 33. Nd5 Qd7 34. Nf6+ Bxf6 35. Qxf6 Qe6 36. Qxe6 fxe6 37. Bf4 Nd8 38. Rb8 Rb7 39. Rxd8+ Kf7 40. Rb8 Rb4 41. Rxb4 cxb4 42. Kf1 Kf6 43. Ke1 e5 44. Bh6 g5 45. g4 Kg6 46. c5 b3 47. Kd1 Kf6 48. Bxg5+ Ke6 49. f3 Kd5 50. Be7 h6 51. Kc1 Ke6 52. Bd6 Kd5 53. Kb2 1-0

[Event "Olympiad-40"]
[Site "Istanbul"]
[Date "2012.08.29"]
[Round "2.2"]
[White "Amdouni, Zoubaier"]
[Black "Marko, Helmut"]
[Result "1-0"]
[WhiteElo "2305"]
[BlackElo "2014"]
[PlyCount "81"]
[EventDate "2012.08.28"]
[EventType "team-swiss"]
[EventRounds "11"]
[EventCountry "TUR"]
[SourceTitle "CBM 151"]
[Source "ChessBase"]
[SourceDate "2012.11.13"]
[SourceVersion "1"]
[SourceVersionDate "2012.11.13"]
[SourceQuality "1"]
[WhiteTeam "Tunisia"]
[BlackTeam "Papua New Guinea"]
[WhiteTeamCountry "TUN"]
[BlackTeamCountry "PNG"]

1. e4 g6 2. d4 Bg7 3. Nc3 c5 4. Nf3 cxd4 5. Nxd4 Nc6 6. Be3 Nf6 7. Bc4 d6 8. f3 Qb6 9. Ncb5 Qa5+ 10. c3 a6 11. Nb3 Qd8 12. N5d4 Qc7 13. Nxc6 bxc6 14. Qd2 c5 15. Bh6 0-0 16. Bxg7 Kxg7 17. 0-0-0 a5 18. Qe2 Rb8 19. Nd2 Qb7 20. Nf1 Nd7 21. Ne3 Nb6 22. Bd5 Qc7 23. h4 e6 24. Bb3 Bd7 25. Qd2 c4 26. Bc2 Qc5 27. Ng4 f5 28. Qh6+ Kg8 29. h5 Be8 30. exf5 exf5 31. Rde1 Qc7 32. hxg6 Bxg6 33. Qg5 Qg7 34. Re7 Rf7 35. Nh6+ Kf8 36. Nxf7 Bxf7 37. Qxg7+ Kxg7 38. Bxf5 Kf6 39. Ra7 Bg6 40. Bxg6 hxg6 41. Rxa5 1-0

[Event "Olympiad-39"]
[Site "Khanty-Mansiysk"]
[Date "2010.09.23"]
[Round "3.3"]
[White "Hanoeman, Suradj"]
[Black "Marko, Helmut"]
[Result "1-0"]
[WhiteElo "1992"]
[BlackElo "2071"]
[PlyCount "61"]
[EventDate "2010.09.21"]
[EventType "team-swiss"]
[EventRounds "11"]
[EventCountry "RUS"]
[SourceTitle "CBM 139"]
[Source "ChessBase"]
[SourceDate "2010.11.18"]
[SourceVersion "1"]
[SourceVersionDate "2010.11.18"]
[SourceQuality "1"]
[WhiteTeam "Surinam"]
[BlackTeam "Papua New Guinea"]
[WhiteTeamCountry "SUR"]
[BlackTeamCountry "PNG"]

1. d4 d5 2. c4 c6 3. Nc3 Nf6 4. Bg5 e6 5. cxd5 exd5 6. Qc2 Be7 7. e3 Bg4 8. Bd3 Nbd7 9. Nge2 Bxe2 10. Nxe2 h6 11. Bh4 0-0 12. 0-0 Nh5 13. Bxe7 Qxe7 14. Rae1 Rae8 15. Nc3 Nhf6 16. f3 Qd6 17. Qf2 c5 18. Ne2 c4 19. Bb1 Qb6 20. Ng3 g6 21. h3 Kg7 22. Kh1 Qe6 23. e4 b5 24. e5 Ng8 25. f4 f5 26. exf6+ Qxf6 27. f5 Qd6 28. Rxe8 Rxe8 29. fxg6 Kh8 30. Qf7 Ngf6 31. g7# 1-0